Elenca la formazione - Quiz n°5 - Statistics

Statistiche generali
  • Questo quiz è stato fatto 230 volte
  • Il punteggio medio è 7 su 11
Statistiche sulle risposte
Ruolo Nazione Calciatore % Corretto
Portiere Slovenia Jan Oblak
98%
Difensore Uruguay José Giménez
84%
Attaccante Portogallo João Félix
81%
Centrocampista Spagna Koke
80%
Attaccante Argentina Ángel Correa
66%
Centrocampista Repubblica Centrafricana Geoffrey Kondogbia
65%
Centrocampista Francia Thomas Lemar
51%
Difensore Spagna Marco Lllorente
40%
Difensore Belgio Yannick Carrasco
39%
Difensore Spagna Mario Hermoso
37%
Difensore Croazia Šime Vrsaljko
34%
Nessun quiz corrispondente trovato
Distribuzione punteggi
Percentuale di utenti per punteggio
Percentile per numero di risposta
I tuoi punteggi nel tempo
Non hai fatto questo quiz